Normal view
MARC view
- Odets, Clifford,
Entry Personal Name
001 - CONTROL NUMBER
- control field: 153727
003 - CONTROL NUMBER IDENTIFIER
- control field: DLC
005 - DATE AND TIME OF LATEST TRANSACTION
- control field: 20260416133055.0
008 - FIXED-LENGTH DATA ELEMENTS
- fixed length control field: 800728n| azannaabn |b aaa
010 ## - LIBRARY OF CONGRESS CONTROL NUMBER
- LC control number: n 50036692
035 ## - SYSTEM CONTROL NUMBER
- System control number: (OCoLC)oca00071940
040 ## - CATALOGING SOURCE
- Original cataloging agency: DLC
- Language of cataloging: eng
- Description conventions: rda
- Transcribing agency: DLC
- Modifying agency: DLC
- Modifying agency: MdU
- Modifying agency: OCoLC
- Modifying agency: PPi-MA
- Modifying agency: OCoLC
- Modifying agency: IEN
- Modifying agency: ScU
046 ## - SPECIAL CODED DATES
- Birth date: 1906-07-18
- Death date: 1963-08-14
- Source of date scheme: edtf
053 #0 - LC CLASSIFICATION NUMBER
- Classification number element--single number or beginning number of span: PS3529.D46
100 1# - HEADING--PERSONAL NAME
- Personal name: Odets, Clifford,
- Dates associated with a name: 1906-1963
370 ## - ASSOCIATED PLACE
- Place of birth: Philadelphia (Pa.)
- Place of death: Los Angeles (Calif.)
- Source of term: naf
372 ## - FIELD OF ACTIVITY
- Field of activity: Playwriting
- Field of activity: Motion picture authorship
- Field of activity: Television authorship
- Field of activity: Motion pictures--Production and direction
- Source of term: lcsh
374 ## - OCCUPATION
- Occupation: Authors
- Occupation: Dramatists
- Occupation: Screenwriters
- Occupation: Television writers
- Occupation: Motion picture producers and directors
- Source of term: lcsh
377 ## - ASSOCIATED LANGUAGE
- Language code: eng
378 ## - FULLER FORM OF PERSONAL NAME
- Fuller form of personal name: Clifford Louis
400 1# - SEE FROM TRACING--PERSONAL NAME
- Personal name: אדעץ, קליפארד,
- Dates associated with a name: 1906־1963
670 ## - SOURCE DATA FOUND
- Source citation: His Awake and sing ... c1935.
670 ## - SOURCE DATA FOUND
- Source citation: Contemporary authors on Infotrac, Feb. 22, 2006
- Information found: (Clifford Odets; b. July 18, 1906, Philadelphia, PA, d. Aug.14, 1963, Los Angeles, CA)
670 ## - SOURCE DATA FOUND
- Source citation: IMDb, June 3, 2022:
- Information found: (Clifford Odets; writer, additional crew, director; Birth Name Clifford Louis Odets)



